000 00383nam a2200169Ia 4500
001 5285
003 IN-NITTTR
005 20251114233008.0
008 251113s9999||||xx |||||||||||||| ||eng||
040 _beng
040 _cIN-NITTTR
041 _aeng
082 _a923.2 B74N
100 _aBrecher, M.
245 0 _aNehru :
_b a poitical biography. /
_cBrecher, M.
942 _2ddc
_cBK
999 _c7921
_d7921